| 000 | 00485nab a2200145 4500 | ||
|---|---|---|---|
| 003 | ES-SlBCS | ||
| 005 | 20220203142250.0 | ||
| 008 | 141029s2014 sp ||||| |||| 00| 0 spa d | ||
| 040 |
_aES-SlBCS _bspa |
||
| 100 | 1 | 0 |
_aÁlvarez de los Mozos, Patxi _970697 |
| 245 | 1 | 0 |
_aEspiritualidad ignaciana e individualismo _cPatxi Álvarez de los Mozos |
| 650 | 0 | 4 |
_aEspiritualidad Ignaciana _9118624 |
| 773 | 0 |
_gVol. 86, Nº 341, 2014, págs. 387-398 _tManresa _wRev265 _x0214-2457 |
|
| 942 |
_2lcc _cAR |
||
| 999 |
_c849316 _d849316 |
||